| 000 | 00380nam a2200145Ia 4500 | ||
|---|---|---|---|
| 008 | 231129s1994||||xx |||||||||||||| ||spa|| | ||
| 020 | _a84-8076-081-8 | ||
| 040 | _bspa | ||
| 082 | _a757 S792d | ||
| 100 | _aStanton Jane | ||
| 245 | 0 | _aDibujar y pintar retratos | |
| 260 | _c1994 | ||
| 264 | _aBarcelona EspaƱa : Blume | ||
| 942 |
_2ddc _cBKS |
||
| 999 |
_c9260 _d9260 |
||